<?xml version="1.0" encoding="UTF-8"?><?xml-stylesheet type="text/xsl" href="static/style.xsl"?><OAI-PMH xmlns="http://www.openarchives.org/OAI/2.0/" xmlns:xsi="http://www.w3.org/2001/XMLSchema-instance" xsi:schemaLocation="http://www.openarchives.org/OAI/2.0/ http://www.openarchives.org/OAI/2.0/OAI-PMH.xsd"><responseDate>2026-04-17T12:08:13Z</responseDate><request verb="GetRecord" identifier="oai:riubu.ubu.es:10259/3691" metadataPrefix="marc">https://riubu.ubu.es/oai/request</request><GetRecord><record><header><identifier>oai:riubu.ubu.es:10259/3691</identifier><datestamp>2021-11-10T08:58:23Z</datestamp><setSpec>com_10259_3619</setSpec><setSpec>com_10259_2606</setSpec><setSpec>com_10259_2605</setSpec><setSpec>com_10259_2656</setSpec><setSpec>com_10259_2618</setSpec><setSpec>col_10259_3706</setSpec><setSpec>col_10259_2657</setSpec></header><metadata><record xmlns="http://www.loc.gov/MARC21/slim" xmlns:doc="http://www.lyncode.com/xoai" xmlns:xsi="http://www.w3.org/2001/XMLSchema-instance" xmlns:dcterms="http://purl.org/dc/terms/" xsi:schemaLocation="http://www.loc.gov/MARC21/slim http://www.loc.gov/standards/marcxml/schema/MARC21slim.xsd">
<leader>00925njm 22002777a 4500</leader>
<datafield tag="042" ind1=" " ind2=" ">
<subfield code="a">dc</subfield>
</datafield>
<datafield tag="720" ind1=" " ind2=" ">
<subfield code="a">Sáiz Manzanares, María Consuelo</subfield>
<subfield code="e">author</subfield>
</datafield>
<datafield tag="720" ind1=" " ind2=" ">
<subfield code="a">Bol Arreba, Alfredo</subfield>
<subfield code="e">author</subfield>
</datafield>
<datafield tag="720" ind1=" " ind2=" ">
<subfield code="a">Hoyuelos Álvaro, Fco. Javier</subfield>
<subfield code="e">author</subfield>
</datafield>
<datafield tag="260" ind1=" " ind2=" ">
<subfield code="c">2015</subfield>
</datafield>
<datafield tag="024" ind2=" " ind1="8">
<subfield code="a">http://hdl.handle.net/10259/3691</subfield>
</datafield>
<datafield tag="245" ind1="0" ind2="0">
<subfield code="a">Rúbrica para evaluar los proyectos de innovación docente en profesores noveles. Taxonomía de Bloom: Nivel (3) Aplicación</subfield>
</datafield>
</record></metadata></record></GetRecord></OAI-PMH>